|
|
|
|
| LEADER |
00000nam a2200000 a 4500 |
| 001 |
vtls001278433 |
| 003 |
SK-MaSNL |
| 005 |
20260301155219.0 |
| 008 |
240226s1996 xo a y slo |
| 015 |
|
|
|a SNBI1997/0200585
|
| 020 |
|
|
|a 8085568640
|
| 035 |
|
|
|a SNK000229748
|
| 035 |
|
|
|a urn:nbn:sk:snk-amkg26
|
| 035 |
|
|
|a urn:nbn:sk:snk-am002yaj
|
| 035 |
|
|
|a 301FDA6C-95D2-4378-B4CD-4AA6C15174E9
|
| 040 |
|
|
|a SNK
|b slo
|c SNK
|e AACR2
|
| 041 |
0 |
|
|a slo
|
| 044 |
|
|
|a xo
|c SK
|
| 080 |
|
|
|a 347:340.133(094.4)(094.5)
|2 1981
|
| 080 |
|
|
|a 340.133
|2 1981
|
| 245 |
0 |
0 |
|a Občiansky zákonník. Súvisiace predpisy
|n 2. diel
|c Jaromír Svoboda a kolektív
|
| 260 |
|
|
|a Bratislava
|b Eurounion
|c 1996
|
| 300 |
|
|
|a [299] s.
|b tab.
|c 25 cm
|
| 650 |
0 |
7 |
|a právo občianske
|x zákonníky
|x texty
|x príručky
|2 SNK
|9 388668
|
| 655 |
|
7 |
|a zákony
|2 SNK
|9 70186
|
| 655 |
|
7 |
|a zákonníky
|2 SNK
|9 70668
|
| 700 |
1 |
|
|a Svoboda, Jaromír
|4 aut
|4 com
|9 6815
|
| 919 |
|
|
|a 80-85568-64-0
|
| 958 |
|
|
|a TL
|
| 999 |
|
|
|c 799985
|d 801915
|
| 952 |
|
|
|t P60, <09>, [BOOK], {629}
|a SNK
|b SNK
|y NEVYP
|7 0
|o snkC 599
|i snk1136/970307
|0 0
|1 0
|4 0
|d 1997-03-06
|l 0
|r 2005-01-02 00:00:00
|w 2026-02-24
|
| 952 |
|
|
|t P60, <03>, [BOOK], {603}
|a SNK
|b SNK
|y PREZ
|7 0
|p 17A0052527
|o snkSC 92628/2
|i snkKSP 2555/97
|0 0
|1 0
|4 0
|d 1997-03-06
|f 1
|l 0
|r 2025-09-11 00:00:00
|w 2026-02-24
|
| 952 |
|
|
|t P60, <04>, [BOOK], {604}
|a SNK
|b SNK
|y VYP
|7 0
|p 17A0052528
|o snkSC 92628/2 D1
|i snkKSP 2556/97
|0 0
|1 0
|4 0
|d 1997-03-06
|l 0
|r 2005-01-02 00:00:00
|w 2026-02-24
|